000 00529nam a2200193 a 4500
001 1777364303165
003 YourLibrary
005 20260428135011.0
008 260428s2003##################000#0#eng##
020 _a9781843761310
082 0 4 _a382.71
_bGOM
100 1 _aGomes, Leonard,
_eauthor.
245 1 0 _aThe Economics and Ideology of Free Trade :
260 _bEdward Elgar Publishing,
_c2003.
300 _a368 pages
650 0 _aBusiness & Economics.
942 _cENGLISH
040 _aYourLibrary
_beng
_cYourLibrary
999 _c620208
_d620208